000 01172 a2200241 4500
001 42439
005 20260407155714.0
008 260407a2008 arg spa d
003 AR-UNSa-BCEJYS
040 _aAR-UNSa-BCEJYS
_bspa
_cAR-UNSa-BCEJYS
080 _a304.4(82)
_xAspectos generales de las políticas y prácticas sociales y culturales en Argentina (política social)
245 1 0 _aPremio a la innovación y mejoramiento de las políticas públicas 06-07
_pcategoría doctorado
020 _a978-987-24348-0-9
264 1 _aBuenos Aires :
_bINAP
_c2008
300 _a398 p.
_c29 cm.
505 _aPrimer premio: La especificidad del Estado y la Administración Pública en las Provincias del área periférica de la República Argentina - Segundo premio: Juventud, educación y trabajo. La dinámica entre estructuras y agentes burocráticos en las políticas de Mendoza -
041 _aspa
942 _cBK
590 _aniveau_biblio:m niveau_hierar:0
100 1 _aInstituto Nacional de la Administración Pública (INAP)
700 1 _aGreco, Mariano
856 4 1 _uhttps://biblioeco.unsa.edu.ar/pmb/images/libros/L117397.jpg
_yImagen de portada
_qimage/jpeg
999 _c3613
_d3613